000 00763nam a2200229Ia 4500
003 GCL
008 140319s9999 xx 000 0 ara d
040 _aGCL /
_cGCL
082 0 4 _aط
_b507
_bا م
100 1 _aاحمد شفيق الخطيب
245 1 0 _aموسوعة التطبيقات العلمية الميسرة : العلوم - الفيزياء والكيمياء /
_cاحمد شفيق الخطيب
700 1 _aيوسف سليمان خيرالله
300 _a192 ص
490 _aالهيئة العامة للاستعلامات
_v0
650 0 4 _aالاطفال
650 0 4 _aالكيمياء
650 0 4 _aالفيزياء
650 0 4 _aالعلوم
650 0 4 _aالتجارب العلمية
650 0 4 _aتجارب
942 _2ddc
_cBK
999 _c48243
_d48243